Băn khoăn

Shranjeno v:
Bibliografske podrobnosti
Glavni avtor: Khái Hưng
Format: Knjiga
Jezik:Undetermined
Izdano: Tp. HCM Văn Nghệ 1996
Teme:
Oznake: Označite
Brez oznak, prvi označite!
Thư viện lưu trữ: Trung tâm Học liệu Trường Đại học Cần Thơ
LEADER 00455nam a2200181Ia 4500
001 CTU_53214
008 210402s9999 xx 000 0 und d
020 |b 9600 
082 |a 895.922331 
082 |b Kh103 
100 |a Khái Hưng 
245 0 |a Băn khoăn 
245 0 |c Khái Hưng 
260 |a Tp. HCM 
260 |b Văn Nghệ 
260 |c 1996 
650 |a vietnamese fiction 
980 |a Trung tâm Học liệu Trường Đại học Cần Thơ